000 00311nam a2200145Ia 4500
100 _aSeminar paper
650 _aGeneral
942 _cBK
245 _aPerstroika for India
260 _bProject for economic education
_aBombay
_c1989
082 _a338.9
300 _a120
546 _aENGLISH
999 _c19582
_d19582